Excarcelación y excención de prisión (Registro nro. 2197)

Detalles MARC
000 -Cabecera
Campo de control de longitud fija 01014aam a2200373 4500
005 - Fecha y hora de la última transacción
Campo de control 20260414151318.0
008 - Elementos de longitud fija--Información general
Campo de control de longitud fija 150522b2002 xxu||||| |||| 00| 0 spa d
020 ## - International Standard Book Number
Número Internacional Estándar del Libro (ISBN) 9506793085
041 ## - Idioma
Código de idioma Español
082 ## - Clasificación Decimal Dewey
Número de clasificación 364.8 L868e
100 ## - Entrada principal--Autor personal
Nombre personal Lorences,Valerin H
9 (RLIN) 18943
245 ## - Título propiamente dicho
Título Excarcelación y excención de prisión
260 ## - Pie de imprenta
Lugar de publicación, distribución, etc. Argentina
260 ## - Pie de imprenta
Nombre del editor, distribuidor, etc. Universidad
260 ## - Pie de imprenta
Fecha de publicación, distribución, etc. 2002
300 ## - Descripción física
Extensión 294 páginas
490 ## - Serie
Título de la Serie Investigación Criminal
650 ## - Materia general
Temática (materia general) EXCARCELACIÓN
650 ## - Materia general
Temática (materia general) LIBERTAD
650 ## - Materia general
Temática (materia general) DERECHO CONSTITUCIONAL
650 ## - Materia general
Temática (materia general) ESTADO DE SOSPECHA
650 ## - Materia general
Temática (materia general) RECHASO Y REVOCACIÓN
650 ## - Materia general
Temática (materia general) CAUCIÓN
650 ## - Materia general
Temática (materia general) EXTENCIÓN DE PRISIÓN
650 ## - Materia general
Temática (materia general) SITUACIÓN PROCESAL
650 ## - Materia general
Temática (materia general) PROCEDIMIENTO DE EXCARSELACIÓN
650 ## - Materia general
Temática (materia general) ETAPAS PROCESALES
650 ## - Materia general
Temática (materia general) NULIDADES DE EXCARCELACIÓN
650 ## - Materia general
Temática (materia general) RECURSOS DE APELACIÓN
650 ## - Materia general
Temática (materia general) MODELOS
650 ## - Materia general
Temática (materia general) NORMAS PROCESALES
650 ## - Materia general
Temática (materia general) PERSONAS QUE PUEDEN PETICIONAR
942 ## - Punto de acceso adicional KOHA
Tipo de ítem KOHA Libro
Fuente del sistema de clasificación o colocación Dewey Decimal Classification
Existencias
Signatura completa Código de barras Programa Académico Tipo de ítem
364.8 L868e 14969 Investigación Criminal Libro
364.8 L868e 14970 Investigación Criminal Libro